000 00411nam a2200121Ia 4500
008 220615s9999||||xx |||||||||||||| ||und||
245 0 _aNature-inspired Methods for Stochastic, Robust and Dynamic Optimization
546 _aEnglish[eng]
650 _aOptimization
700 _aDel Ser, Javier||Osaba, Eneko
856 _uhttps://mts.intechopen.com/storage/books/6587/authors_book/authors_book.pdf
942 _cEB
999 _c10388
_d10388